Dibujos de Cristino de Vera / (Record no. 177311)
[ view plain ]
| 000 -LEADER | |
|---|---|
| campo de control de longitud fija | 00889nam a2200241 i 4500 |
| 001 - NÚMERO DE CONTROL | |
| campo de control | 177311 |
| 003 - IDENTIFICADOR DE NÚMERO DE CONTROL | |
| campo de control | ES-MaACL |
| 005 - FECHA Y HORA DE LA ÚLTIMA TRANSACCIÓN | |
| campo de control | 20260213134531.0 |
| 007 - CAMPO FIJO DE DESCRIPCIÓN FÍSICA--INFORMACIÓN GENERAL | |
| campo de control de longitud fija | t| |
| 008 - DATOS DE LONGITUD FIJA--INFORMACIÓN GENERAL | |
| campo de control de longitud fija | 110315s1972 sp af ||||1| spa d |
| 080 ## - NÚMERO DE LA CLASIFICACIÓN DECIMAL UNIVERSAL | |
| Número de la Clasificación Decimal Universal | 74/75 Vera, Cristino de |
| 100 1# - ENTRADA PRINCIPAL--NOMBRE DE PERSONA | |
| Nombre de persona | Vera, Cristino de. |
| 9 (RLIN) | 113940 |
| 245 10 - MENCIÓN DEL TÍTULO | |
| Título | Dibujos de Cristino de Vera / |
| Mención de responsabilidad, etc. | por Agustín Rodríguez Sahagún. |
| 250 ## - MENCION DE EDICION | |
| Mención de edición | 1ª ed. |
| 260 ## - PUBLICACIÓN, DISTRIBUCIÓN, ETC. | |
| Lugar de publicación, distribución, etc. | Madrid : |
| Nombre del editor, distribuidor, etc. | Ibérico Europea de Ediciones, |
| Fecha de publicación, distribución, etc. | 1972. |
| 300 ## - DESCRIPCIÓN FÍSICA | |
| Extensión | [32] p. : |
| Otras características físicas | principalmente il. ; |
| Dimensiones | 31 cm. |
| 490 1# - MENCIÓN DE SERIE | |
| Mención de serie | Maestros contemporáneos del dibujo y la pintura ; |
| Designación de volumen o secuencia | 21 |
| 600 14 - PUNTO DE ACCESO ADICIONAL DE MATERIA--NOMBRE DE PERSONA | |
| Nombre de persona | Vera, Cristino de. |
| 9 (RLIN) | 113940 |
| 700 ## - ENTRADA AGREGADA--NOMBRE PERSONAL | |
| Nombre de persona | Rodríguez Sahagún, Agustín, |
| Fechas asociadas al nombre | 1932-1991 |
| 9 (RLIN) | 240884 |
| 830 10 - PUNTO DE ACCESO ADICIONAL DE SERIE-TÍTULO UNIFORME | |
| Título uniforme | Maestros contemporáneos del dibujo y la pintura |
| Designación de volumen o secuencia | 21 |
| 9 (RLIN) | 190405 |
| 852 4# - LOCALIZACIÓN | |
| Ubicación | ES-MaACL |
| Número de control de estantería | E-14688 (1) |
| Encuadernación | Olim P-1071 |
| Nota libre | - Enc. con otros títulos |
| Estatus retirado | Estado de pérdida | Estado de daño | No para préstamo | Biblioteca de origen | Biblioteca actual | Ubicación en estantería | Fecha de adquisición | Fuente de adquisición | Total de préstamos | Signatura topográfica completa | Código de barras | Visto por última vez | Precio de reemplazo | Tipo de ítem Koha |
|---|---|---|---|---|---|---|---|---|---|---|---|---|---|---|
| Biblioteca del Ateneo de Madrid | Biblioteca del Ateneo de Madrid | Depósito 2 | 15/03/2011 | E-14688 (1) | 1186228 | 23/02/2023 | 23/02/2023 | Libro impreso |
